书目信息 |
| 题名: |
这个世界会好吗
|
|
| 作者: | 梁漱溟 , 艾恺 著 ;艾恺 译 | |
| 分册: | ||
| 出版信息: | 北京 外语教学与研究出版社 2010.03 |
|
| 页数: | 375页 | |
| 开本: | 23cm | |
| 丛书名: | ||
| 单 册: | ||
| 中图分类: | B261 | |
| 科图分类: | ||
| 主题词: | ||
| 电子资源: | ||
| ISBN: | 978-7-5600-8440-4 | |
| 000 | 01256nam0 2200289 450 | |
| 001 | B00000030937 | |
| 005 | 20110714130949.00 | |
| 010 | @a978-7-5600-8440-4@dCNY45.00 | |
| 100 | @a20100421d2010 km y0chiy50 ea | |
| 101 | 0 | @aeng |
| 102 | @aCN@b110000 | |
| 105 | @ac z 000yb | |
| 106 | @ar | |
| 200 | 1 | @a这个世界会好吗@Azhe ge shi jie hui hao ma@e梁漱溟晚年口述@d= Has man a future@eDialogues with the last confucian@f梁漱溟, (美) 艾恺著@g(美) 艾恺译@zeng |
| 210 | @a北京@c外语教学与研究出版社@d2010.03 | |
| 215 | @a375页@c肖像@d23cm | |
| 330 | @a本书根据梁漱溟先生家属现有艾恺教授所存录音磁带整理而成。为帮助读者理解梁漱溟先生的思想,本书特意摘录《梁漱溟全集·思索领悟辑录》(卷八,1993)中的相关论述,置于正文相应部分的开头,以作对照,并将正文里谈及有关人事的评价、作者重要的观点提取出来,置于原文对应的书口,以作强调。 | |
| 500 | 10 | @aHas man a future@eDialogues with the last confucian@mChinese |
| 517 | 1 | @a梁漱溟晚年口述@Aliang shu ming wan nian kou shu |
| 586 | @a | |
| 600 | 0 | @a梁漱溟,@Aliang shu ming@f1893-1988@x哲学思想@x研究@x英文 |
| 690 | @aB261@v5 | |
| 701 | 0 | @a梁漱溟@Aliang shu ming@4著 |
| 701 | 1 | @a艾恺@Aai kai@g(Alitto, G.S.)@4著 |
| 702 | 1 | @a艾恺@Aai kai@4译 |
| 801 | 0 | @aCN@c20110610 |
| 905 | @dB261@eL412@f3 | |
| 这个世界会好吗:梁漱溟晚年口述= Has man a future:Dialogues with the last confucian/梁漱溟, (美) 艾恺著/(美) 艾恺译.-北京:外语教学与研究出版社,2010.03 |
| 375页:肖像;23cm |
| ISBN 978-7-5600-8440-4:CNY45.00 |
| 本书根据梁漱溟先生家属现有艾恺教授所存录音磁带整理而成。为帮助读者理解梁漱溟先生的思想,本书特意摘录《梁漱溟全集·思索领悟辑录》(卷八,1993)中的相关论述,置于正文相应部分的开头,以作对照,并将正文里谈及有关人事的评价、作者重要的观点提取出来,置于原文对应的书口,以作强调。 |
| ● |
| 相关链接 |
|
|
|
正题名:这个世界会好吗
索取号:B261/L412
 
预约/预借
| 序号 | 登录号 | 条形码 | 馆藏地/架位号 | 状态 | 备注 |
| 1 | 883250 | 208832502 | 社科库509/509社科库 15排4列4层/ [索取号:B261/L412] | 在馆 | |
| 2 | 883251 | 208832511 | 社科库509/509社科库 15排4列4层/ [索取号:B261/L412] | 在馆 | |
| 3 | 883252 | 208832520 | 社科库509/509社科库 15排4列4层/ [索取号:B261/L412] | 在馆 |